El método Deming
Saved in:
| Hovedforfatter: | |
|---|---|
| Format: | Bog |
| Sprog: | spansk |
| Udgivet: |
Buenos Aires
Javier Vergara
1993
|
| Fag: | |
| Tags: |
Tilføj Tag
Ingen Tags, Vær først til at tagge denne postø!
|
MARC
| LEADER | 00000nam a2200000 a 4500 | ||
|---|---|---|---|
| 001 | UCY4164 | ||
| 003 | CL-VaPUC | ||
| 008 | 950302e19930000AG |||||||||||||||||spa|d | ||
| 082 | 0 | 4 | |a 658.562 |b AGU |2 21 |
| 100 | 0 | |a Aguayo, Rafael |e author |9 332584 | |
| 245 | 1 | 3 | |a El método Deming |
| 300 | |a 341 p | ||
| 942 | |c BK | ||
| 945 | |d 19950302 00:00:00 |a rbrito | ||
| 260 | |a Buenos Aires |b Javier Vergara |c 1993 | ||
| 600 | 0 | 7 | |a DEMING, WILLIAM EDWARDS |2 CL-VaPUC |9 332585 |
| 650 | 0 | |a Control de calidad |9 259714 | |
| 583 | |a last modification |c 19950302 00:00:00 |k Rodrigo Vera | ||
| 999 | |c 232107 |d 232105 | ||
| 952 | |0 0 |1 0 |4 0 |6 658_562000000000000_AGU_1993 |7 0 |8 A |9 236131 |a BIBCUR |b BIBCUR |d 2019-11-15 |i 3061086 |o 658.562 AGU 1993 |p 3061086 |r 2025-04-22 |w 2019-11-15 |y BK |k PER | ||